000 00525nam a22002177a 4500
003 UA-OsUOA
001 42130
007 ta
008 20061026b un ||||| |||| 00| 0 ukr d
090 _a821.161.2
_bС73
942 _cBK
040 _aUA-OsUOA
_bukr
_cUA-OsUOA
_dUA-OsUOA
245 _aСповідь
300 _a175 с.
955 _a3
041 _aukr
080 _a821.161.2
260 _aОстрог
_c2006
650 7 _a82 Література. Літературознавство
_2UDC
999 _c328259
_d328259